<?xml version="1.0" encoding="UTF-8"?>
<marc:record xmlns:marc="http://www.loc.gov/MARC21/slim">
   <marc:leader>00000nam a2200000 a 4500</marc:leader>
   <marc:datafield ind1="1" ind2=" " tag="100">
      <marc:subfield code="a">Freund, Lea</marc:subfield>
   </marc:datafield>
   <marc:datafield ind1="1" ind2=" " tag="100">
      <marc:subfield code="a">Bülow, Tim</marc:subfield>
   </marc:datafield>
   <marc:datafield ind1="1" ind2=" " tag="100">
      <marc:subfield code="a">Lechner, Norbert</marc:subfield>
   </marc:datafield>
   <marc:datafield ind1="1" ind2=" " tag="100">
      <marc:subfield code="a">Fülscher, Susanne</marc:subfield>
   </marc:datafield>
   <marc:datafield ind1=" " ind2=" " tag="653">
      <marc:subfield code="a">Liebe</marc:subfield>
   </marc:datafield>
   <marc:datafield ind1=" " ind2=" " tag="653">
      <marc:subfield code="a">DDR</marc:subfield>
   </marc:datafield>
   <marc:datafield ind1=" " ind2=" " tag="653">
      <marc:subfield code="a">Wahre Geschichte</marc:subfield>
   </marc:datafield>
   <marc:datafield ind1="0" ind2="0" tag="245">
      <marc:subfield code="a">Zwischen uns die Mauer [Bildtonträger]</marc:subfield>
   </marc:datafield>
   <marc:datafield ind1="0" ind2="0" tag="245">
      <marc:subfield code="b">Nach weiner wahren Geschichte</marc:subfield>
   </marc:datafield>
   <marc:datafield ind1="0" ind2="0" tag="245">
      <marc:subfield code="c">Norbert Lechner</marc:subfield>
   </marc:datafield>
   <marc:datafield ind1=" " ind2="1" tag="264">
      <marc:subfield code="b">alpenrepublik</marc:subfield>
      <marc:subfield code="c">2019</marc:subfield>
   </marc:datafield>
   <marc:datafield ind1="1" ind2=" " tag="520">
      <marc:subfield code="a">1986. Die siebzehnjährige Anna (Lea Freund) aus der westdeutschen Provinz fährt mit einer Jugendgruppe zum Begegnungstreffen nach Ostberlin. Dort lernt sie den rebellischen Pfarrerssohn Philipp (Tim Bülow) kennen. Es ist Liebe auf den ersten Blick - doch die schwer verliebten Teenager aus Ost und West werden getrennt durch die scharf bewachte deutsch-deutsche Grenze. Nicht nur die Mauer steht der großen Liebe im Weg, Annas skeptische Eltern (Franziska Weisz, Fritz Karl) reagieren gleichfalls mit Verboten. Die heimlichen Besuche ihrer selbstbewussten Tochter bleiben auch der Stasi nicht lange verborgen. Die Ereignisse nehmen eine höchst dramatische Wendung. Und dann fällt die Mauer ... Nach dem autobiografischen, gleichnamigen Roman von Katja Hildebrand (erschienen bei Thienemann und Ernst Klett) erzählt der mehrfach preisgekrönte Regisseur Norbert Lechner ("Tom und Hacke", "Ente gut; Mädchen allein zu Hause", "Toni Goldwascher") mit ZWISCHEN UNS DIE MAUER die packende Geschichte einer jungen Liebe im geteilten Deutschland. 30 Jahre nach dem Fall der Mauer präsentiert sich diese schier unmöglich scheinende Lovestory zwischen Ost und West zugleich als aufregende Zeitreise in die jüngere deutsche Geschichte. Eine ebenso authentische wie bewegende Liebesgeschichte in atmosphärisch stimmiger Kulisse.</marc:subfield>
   </marc:datafield>
   <marc:datafield ind1="3" ind2=" " tag="024">
      <marc:subfield code="a">4042564199314</marc:subfield>
   </marc:datafield>
   <marc:datafield ind1=" " ind2=" " tag="041">
      <marc:subfield code="a">ger</marc:subfield>
   </marc:datafield>
   <marc:datafield ind1="0" ind2=" " tag="490">
      <marc:subfield code="v">0</marc:subfield>
   </marc:datafield>
   <marc:datafield ind1="1" ind2=" " tag="521">
      <marc:subfield code="a">6</marc:subfield>
   </marc:datafield>
   <marc:datafield ind1=" " ind2=" " tag="306">
      <marc:subfield code="a">01:50:00</marc:subfield>
   </marc:datafield>
   <marc:datafield ind1=" " ind2=" " tag="300">
      <marc:subfield code="a">1 DVD</marc:subfield>
   </marc:datafield>
</marc:record>
